| 000 | 00856nam a22002055i 4500 | ||
|---|---|---|---|
| 001 | 68383 | ||
| 003 | ES-MaACL | ||
| 005 | 20250826043914.0 | ||
| 007 | t| | ||
| 008 | 960801s1889 sp ||||1| spa d | ||
| 040 |
_aCAM _bspa _cCAM |
||
| 100 | 1 |
_aGarcía Faría, Carlos. _954585 |
|
| 245 | 1 | 0 |
_aDiscurso pronunciado por Carlos García Faria en el Congreso Económico Nacional celebrado en Barcelona en 1888 _b: defendiendo el voto particular presentado por el mismo al dictamén de la ponencia relativo al tema primero de la sección quinta "Impuestos"8. |
| 260 |
_aMadrid : _b[s.n.], _c1889 ( _fImprenta de los hijos de J. A. García) |
||
| 300 |
_a34 p. ; _c25 cm. |
||
| 650 | 4 |
_aImpuestos- _zEspaña _913634 |
|
| 711 | 2 |
_aCongreso Económico Nacional ( _d1888. _cBarcelona) _9347 |
|
| 852 |
_aES-MaACL _jT-540-F-7 |
||
| 999 |
_c68383 _d68383 |
||